A través del Iruchulo / (Record no. 38257)

MARC details
000 -LEADER
campo de control de longitud fija 00546nam a2200193 i 4500
001 - NÚMERO DE CONTROL
campo de control 38257
003 - IDENTIFICADOR DE NÚMERO DE CONTROL
campo de control ES-MaACL
005 - FECHA Y HORA DE LA ÚLTIMA TRANSACCIÓN
campo de control 20230906155727.0
007 - CAMPO FIJO DE DESCRIPCIÓN FÍSICA--INFORMACIÓN GENERAL
campo de control de longitud fija t|
008 - DATOS DE LONGITUD FIJA--INFORMACIÓN GENERAL
campo de control de longitud fija 030225s1963 sp ||||1| spa d
100 1# - ENTRADA PRINCIPAL--NOMBRE DE PERSONA
Nombre de persona Calei-Cale.
9 (RLIN) 33647
245 10 - MENCIÓN DEL TÍTULO
Título A través del Iruchulo /
Mención de responsabilidad, etc. por Calei-Cale.
260 ## - PUBLICACIÓN, DISTRIBUCIÓN, ETC.
Lugar de publicación, distribución, etc. [San Sebastián :
Nombre del editor, distribuidor, etc. Ayuntamiento de San Sebastián,
Fecha de publicación, distribución, etc. 1963]
300 ## - DESCRIPCIÓN FÍSICA
Extensión 245 p. ;
Dimensiones 21 cm.
490 1# - MENCIÓN DE SERIE
Mención de serie Colección B ;
Designación de volumen o secuencia 4
830 0# - PUNTO DE ACCESO ADICIONAL DE SERIE-TÍTULO UNIFORME
Título uniforme Colección B ;
Designación de volumen o secuencia 4
9 (RLIN) 184329
852 ## - LOCALIZACIÓN
Ubicación ES-MaACL
Número de control de estantería C-25971
Sublocalización o colección R.53103
Holdings
Estatus retirado Estado de pérdida Estado de daño No para préstamo Biblioteca de origen Biblioteca actual Ubicación en estantería Fecha de adquisición Fuente de adquisición Total de préstamos Signatura topográfica completa Código de barras Visto por última vez Precio de reemplazo Tipo de ítem Koha
        Biblioteca del Ateneo de Madrid Biblioteca del Ateneo de Madrid Depósito 2 17/01/2008     C-25971 1040270 23/02/2023 23/02/2023 Libro impreso